000 00449nam a2200145Ia 4500
008 230917s9999||||xx |||||||||||||| ||und||
040 _e162263
_aMAIN
041 _aEnglish
082 _a891.43301731 SS58A
100 _aसंगर, सत्यप्रकाश
245 0 _aअफ्रीका का आदमी
260 _aभोपाल
_bविप्लव कार्यालय
_c1956
300 _a188पृ. p.
942 _cHN
999 _c200489
_d200489